• 首页
  • 本馆介绍
  • 公告通知
  • 最新文献
  • 馆藏检索
  • 电子资源
  • 读者导购
  • 参考咨询
  • 我的图书馆
  • 登录
  • 详细信息显示
  • 放入我的书架
  • 预约/预借图书
  • 作者相关作品
  • 分类相关作品
  • 丛书相关作品
  • 出版社相关作品

书目信息

  • 表格格式
  • 工作单格式
  • 卡片格式
题名:
中国指导案例、参考案例判旨总提炼
    
 
作者: 胡凤滨 主编
分册:   婚姻家庭、继承纠纷
出版信息: 北京   法律出版社  2012.03
页数: 12,267页
开本: 23cm
丛书名: 中国指导案例、参考案例判旨总提炼丛书
单 册:
中图分类: D920.5 , D925.105
科图分类:
主题词: 案例--中国--现代--汇编 , 婚姻家庭纠纷--案例--中国--现代--汇编 , 继承法--民事纠纷--案例--中国--现代--汇编 , 案例 , 婚姻家庭纠纷 , 继承法 , 民事纠纷
电子资源:
ISBN: 978-7-5118-2666-4
000 01309oam2 2200337 450
001 012012066081
005 20130628105055.64
010    @a978-7-5118-2666-4@dCNY39.00
100    @a20120529d2012 em y0chiy0110 ea
101 0  @achi
102    @aCN@b110000
105    @ay zn 000yy
106    @ar
200 1  @a中国指导案例、参考案例判旨总提炼@9zhong guo zhi dao an li、can kao an li pan zhi zong ti lian@i婚姻家庭、继承纠纷@f胡凤滨主编@g《中国指导案例》编委会编
210    @a北京@c法律出版社@d2012.03
215    @a12,267页@d23cm@e1光盘
225 1  @a中国指导案例、参考案例判旨总提炼丛书@v03
307    @a附光盘:ISBN 978-7-900739-92-6
330    @a本书收录整理了两高公报关于婚姻家庭纠纷和继承纠纷的司法审判案例及全国各地法院审理的相关指导性案例。每篇指导性案例都经法学专家评判,全部指导性案例均有“争议点”、“判则”等点评,对案件办理、审理、学术研究及教学具有非常高的指导和参考作用。
606 0  @a案例@y中国@z现代@j汇编
606 0  @a婚姻家庭纠纷@x案例@y中国@z现代@j汇编
606 0  @a继承法@x民事纠纷@x案例@y中国@z现代@j汇编
606 0  @a案例
606 0  @a婚姻家庭纠纷
606 0  @a继承法
606 0  @a民事纠纷
690    @aD920.5@v5
690    @aD925.105@v5
701  0 @a胡凤滨@9hu feng bin@f(1956~)@4主编
801  0 @aCN@bNLC@c20121016
905    @b546080-82@dD920.5@e1037:7@f3
    
    中国指导案例、参考案例判旨总提炼.婚姻家庭、继承纠纷/胡凤滨主编/《中国指导案例》编委会编.-北京:法律出版社,2012.03
    12,267页;23cm+1光盘.-(中国指导案例、参考案例判旨总提炼丛书;03)
    
    
    ISBN 978-7-5118-2666-4:CNY39.00
    本书收录整理了两高公报关于婚姻家庭纠纷和继承纠纷的司法审判案例及全国各地法院审理的相关指导性案例。每篇指导性案例都经法学专家评判,全部指导性案例均有“争议点”、“判则”等点评,对案件办理、审理、学术研究及教学具有非常高的指导和参考作用。
●
相关链接 在E读中查询图书 在五车中查询图书 在当当中查询图书 在豆瓣中查询图书


正题名:中国指导案例、参考案例判旨总提炼     索取号:D920.5/1037:7         预约/预借

序号 登录号 条形码 馆藏地/架位号 状态 备注
1 546080   205460801   第一样本阅览室/ [索取号:D920.5/1037:7] 在馆    
2 546081   205460810   第一借阅区/ [索取号:D920.5/1037:7] 在馆    
3 546082   205460829   史法系资料室/ [索取号:D920.5/1037:7] 在馆    
唐山师范学院图书馆 欢迎您!
大连网信软件有限公司© 版权所有